000 00739nam a2200229Ia 4500
020 _a2884490299 (Hardcover)
020 _a2884490302 (Softcover)
040 _cHNK
041 1 _hrus
082 _a512 GOR 1996 A060 Or.
245 0 0 _aExercises in algebra :
_ba collection of exercises in algebra, linear algebra and geometry /
250 _aExpanded English ed
260 _aLuxembourg :
_bGordon and Breach Publishers,
_cc1996
300 _axii, 464 p. ;
_c24 cm
490 1 _aAlgebra, logic, and applications ;
500 _a"The present edition, prepared mainly by V.A. Artamonov ..."--P. xi
650 0 _aAlgebra
650 0 _aGeometry, Algebraic
700 1 _aKostrikin, A. I.
700 1 _aArtamonov, V. A.
942 _cEK
999 _c14364
_d14364